Biblioteca

Por las sendas del mundo, caminando hacia el reino : Reorientación pastoral y renovación teológica en América Latina / Julio de Santa Ana (Registro nro. 38519)

Detalles MARC
000 -LÍDER
Campo fijo de descripción fija 005970000a22001810004500
020 ## - NÚMERO INTERNACIONAL NORMALIZADO PARA LIBROS
Número Internacional Normalizado del libro 9977-904-06-5
041 0# - CÓDIGO DE IDIOMA
Código de idioma para texto/pista de sonido o título separado
082 04 - NÚMERO DE CLASIFICACIÓN DECIMAL DEWEY
Número de clasificación G 270.92 S2311p
001 - NÚMERO DE CONTROL
Campo de control 8348
100 1# - ASIENTO PRINCIPAL--NOMBRE PERSONAL
Nombre personal Santa Ana, Julio de
245 10 - TÍTULO
Título del Material Por las sendas del mundo, caminando hacia el reino : Reorientación pastoral y renovación teológica en América Latina / Julio de Santa Ana
260 ## - PUBLICACIÓN, DISTRIBUCIÓN, ETC. (PIE DE IMPRENTA)
Lugar de publicación, distribución, etc. San José, Costa Rica : Departamento Ecuménico de Investigaciones
300 ## - DESCRIPCIÓN FÍSICA
Extensión 127 Pag
336 ## - CONTENT TYPE
Content type term texto
Content type code txt
Source rdacontent
337 ## - MEDIA TYPE
Source rdamedia
Media type term sin mediación
Media type code n
338 ## - CARRIER TYPE
Source rdacarrier
Carrier type term volumen
Carrier type code nc
942 ## - TIPO DE MATERIAL (KOHA)
Tipo de Item KOHA Libros General
Existencias
Estado de Material Estado de Perdido Estado de Dañado No para Préstamo Colección Tomo Biblioteca de Origen Biblioteca Permanente Fecha de Adquisición Total de Préstamos Signatura Topográfica Código de Barras Última vez visto Ejemplar/Existencia Fecha de Remplazo Tipo de Material
        Colección General   Biblioteca FUSBC Biblioteca FUSBC 13/01/2005   G 270.92 S2311p 7010 12/12/2019 1 26/01/2016 Libros General

Biblioteca FUSBC | Teléfono: (57+4) 349 88 10 Ext. 141| WhatsApp (+57) 3005338115 
E-mail: biblioteca@unisbc.edu.co | Calle 76 87-14 Robledo Palenque, Medellín, Colombia

Con tecnología Koha